| 000 | 01052pam a2200325 a 4500 | ||
|---|---|---|---|
| 001 | 1962 | ||
| 003 | FISKH | ||
| 005 | 20231023103411.0 | ||
| 008 | 850709s1986 nyua j 000 0 eng | ||
| 010 | _a 85015324 | ||
| 020 | _a002735220X : | ||
| 020 | _a9780689801785 | ||
| 040 |
_aDLC _cDLC _dDLC _beng |
||
| 042 | _alcac | ||
| 050 | 0 | 0 |
_aDS793.G67 _bF57 1986 |
| 082 | 0 | 0 |
_a931/.04 _219 |
| 100 | 1 | _aFisher, Leonard Everett. | |
| 245 | 1 | 4 |
_aThe Great Wall of China / _cLeonard Everett Fisher. |
| 260 |
_aNew York : _bAladdin, _c1986. |
||
| 300 |
_a30 pages : _bcolor illustrations ; map ; _c28 cm. |
||
| 505 | _aO | ||
| 520 | _aA brief history of the Great Wall of China, begun about 2,200 years ago to keep out Mongol invaders. | ||
| 521 | 8 |
_a600
_bLexile |
|
| 521 | 8 |
_aO
_bRaz-Plus |
|
| 651 | 0 |
_aGreat Wall of China (China) _xHistory _vJuvenile literature. |
|
| 651 | 1 |
_aGreat Wall of China (China) _xHistory. |
|
| 651 | 1 |
_aChina _xHistory _yTo 221 B.C. |
|
| 906 |
_a7 _bcbc _corignew _d1 _eocip _f19 _gy-gencatlg |
||
| 942 |
_2ddc _cBK _n0 |
||
| 999 |
_c1962 _d1962 |
||